[Event "Spice Cup Open"]
[Site "Saint Louis USA"]
[Date "2012.10.19"]
[Round "9"]
[White "Mogranzini, Roberto"]
[Black "Heredia Serrano, Carla"]
[Result "1-0"]
[WhiteTitle "IM"]
[BlackTitle "WIM"]
[WhiteElo "2492"]
[BlackElo "2188"]
[WhiteFideId "810894"]
[BlackFideId "3603687"]
[EventDate "2012.10.16"]

1. Nf3 d5 2. c4 d4 3. g3 Nc6 4. Bg2 e5 5. d3 Bb4+ 6. Nfd2 a5 7. Na3 Nf6 8. O-O
O-O 9. Nc2 Bd6 10. b3 Qe7 11. a3 Bf5 12. Nf3 h6 13. Bb2 Nd7 14. e3 Nc5 15. exd4
Nxd3 16. Bc3 exd4 17. Nfxd4 Nxd4 18. Nxd4 Be4 19. Ra2 Bxg2 20. Kxg2 Qe4+ 21. Qf3
Nc5 22. Nf5 Qxf3+ 23. Kxf3 Nxb3 24. Bxg7 Rfd8 25. Bxh6 Bc5 26. a4 Nd4+ 27. Nxd4
Rxd4 28. Rc1 Rd3+ 29. Kg4 Re8 30. Bf4 Re4 31. Kf5 Re7 32. Rcc2 Bb4 33. h4 b6 34.
Re2 Rxe2 35. Rxe2 Bd6 36. Re8+ Kg7 37. Be3 Bc5 38. Bxc5 bxc5 39. Re5 Rf3+ 40.
Ke4 Rxf2 41. Rxc5 Rg2 42. Kf3 Rc2 43. g4 Rc3+ 44. Kf4 Rc1 45. Kg5 Rc2 46. Rxc7
Ra2 47. h5 Rxa4 48. h6+ Kg8 49. Rc8+ Kh7 50. Rf8 Rxc4 51. Rxf7+ Kg8 52. Rf5 a4
53. Ra5 Kh7 54. Kh5 Rb4 55. g5 Rc4 56. g6+ 1-0

[Event "Spice Cup Open"]
[Site "Saint Louis USA"]
[Date "2012.10.19"]
[Round "9"]
[White "Jayakumar, Adarsh"]
[Black "Kiewra, Keaton F"]
[Result "1/2-1/2"]
[WhiteTitle "FM"]
[BlackTitle "IM"]
[WhiteElo "2290"]
[BlackElo "2442"]
[WhiteFideId "5026520"]
[BlackFideId "2019280"]
[EventDate "2012.10.16"]

1. d4 Nf6 2. c4 g6 3. g3 Bg7 4. Bg2 d5 5. cxd5 Nxd5 6. Nf3 Nb6 7. Nc3 O-O 8. O-O
Nc6 9. e3 Re8 10. Re1 e5 11. d5 Ne7 12. e4 Bg4 13. h3 Bxf3 14. Qxf3 c6 15. Rd1
cxd5 16. exd5 Nf5 17. d6 Rb8 18. Qd3 Re6 19. Ne4 Nd4 20. Bg5 f6 21. Be3 Kh8 22.
Bxd4 exd4 23. Nc5 Rxd6 24. Nxb7 Rxb7 25. Bxb7 f5 26. Rac1 h5 27. h4 Kh7 28. b3
Nd7 29. f4 Qb6 30. Bf3 Nc5 31. Qc4 d3 32. Kg2 d2 33. Rc2 Nd3 34. Rcxd2 Ne1+ 35.
Rxe1 Rxd2+ 36. Re2 Qe3 37. Rxd2 Qxd2+ 38. Qe2 Qxe2+ 39. Bxe2 Bc3 40. Kf3 Kg7 1/2-1/2

[Event "Spice Cup Open"]
[Site "Saint Louis USA"]
[Date "2012.10.19"]
[Round "9"]
[White "Neimer, Vitaly"]
[Black "Robson, Ray"]
[Result "1/2-1/2"]
[WhiteTitle "IM"]
[BlackTitle "GM"]
[WhiteElo "2384"]
[BlackElo "2602"]
[WhiteFideId "2807017"]
[BlackFideId "2023970"]
[EventDate "2012.10.16"]

1. e4 c5 2. Nc3 g6 3. g3 Bg7 4. Bg2 Nc6 5. d3 Rb8 6. f4 b5 7. Nf3 b4 8. Nd5 d6
9. O-O e6 10. Ne3 Nge7 11. a3 a5 12. axb4 axb4 13. f5 exf5 14. exf5 Nxf5 15.
Nxf5 Bxf5 16. Qe1+ Ne5 17. d4 cxd4 18. Nxd4 O-O 1/2-1/2

[Event "Spice Cup Open"]
[Site "Saint Louis USA"]
[Date "2012.10.19"]
[Round "9"]
[White "Bartholomew, John"]
[Black "Finegold, Spencer"]
[Result "1/2-1/2"]
[WhiteTitle "IM"]
[WhiteElo "2446"]
[BlackElo "2081"]
[WhiteFideId "2019353"]
[BlackFideId "2047527"]
[EventDate "2012.10.16"]

1. d4 Nf6 2. c4 g6 3. Nc3 Bg7 4. e4 d6 5. f3 O-O 6. Nge2 Nbd7 7. Be3 c5 8. Qd2
a6 9. dxc5 Nxc5 10. Nd4 Bd7 11. Be2 Rb8 12. O-O Ne6 13. Rfd1 Nxd4 14. Bxd4 Bc6
15. b4 b5 16. cxb5 Bxb5 17. Bxb5 axb5 18. Rac1 Qd7 19. Bxf6 Bxf6 20. Nd5 Rfc8
21. Nxf6+ exf6 22. Rxc8+ Rxc8 23. Qxd6 Qa7+ 24. Kh1 Qxa2 25. h3 Qb2 26. Rd2 1/2-1/2

[Event "Spice Cup Open"]
[Site "Saint Louis USA"]
[Date "2012.10.19"]
[Round "9"]
[White "Jung, Hans Rudolf"]
[Black "Helfst, Matt D"]
[Result "1/2-1/2"]
[WhiteTitle "FM"]
[WhiteElo "2150"]
[BlackElo "1965"]
[WhiteFideId "2600609"]
[BlackFideId "2044102"]
[EventDate "2012.10.16"]

1. Nc3 d5 2. e4 dxe4 3. Nxe4 Qd5 4. Nc3 Qa5 5. Nf3 Nf6 6. d4 c6 7. Bd3 Bg4 8. h3
Bh5 9. O-O e6 10. Qe2 Bb4 11. Bd2 O-O 12. a3 Bxc3 13. Bxc3 Qc7 14. Qe5 Qxe5 15.
Nxe5 Nd5 16. Bd2 f6 17. Nc4 Rd8 18. f4 Nb6 19. Na5 Rxd4 20. Nxb7 Be2 21. Bxe2
Rxd2 22. Bd3 N8d7 23. Nd6 f5 24. Rae1 Nf8 25. b4 a5 26. Nb7 axb4 27. axb4 Ra4
28. Rb1 Nd5 29. Nc5 Rxb4 30. Nb3 Rxd3 31. cxd3 Nc3 32. Rb2 Na4 1/2-1/2

[Event "Spice Cup Open"]
[Site "Saint Louis USA"]
[Date "2012.10.19"]
[Round "9"]
[White "Fierro Baquero, Martha L."]
[Black "Cassidy, Brian H"]
[Result "1-0"]
[WhiteTitle "IM"]
[WhiteElo "2387"]
[BlackElo "2098"]
[WhiteFideId "3600270"]
[BlackFideId "2064910"]
[EventDate "2012.10.16"]

1. Nf3 Nf6 2. c4 e6 3. g3 d5 4. b3 Be7 5. Bg2 O-O 6. O-O c6 7. d3 Nbd7 8. Bb2 b6
9. Qc2 Bb7 10. e4 c5 11. e5 Ne8 12. Re1 Nc7 13. Nc3 Re8 14. h4 Nf8 15. Bc1 h6
16. Qe2 Qd7 17. Nh2 f5 18. exf6 Bxf6 19. Bd2 Qf7 20. Rac1 Kh7 21. Bf4 Rad8 22.
Ng4 Bd4 23. Bxc7 Qxc7 24. Nb5 Qb8 25. Nxd4 cxd4 26. cxd5 Bxd5 27. Bxd5 Rxd5 28.
Qe4+ Kg8 29. Rc4 Nd7 30. Qg6 Nf8 31. Nf6+ 1-0

[Event "Spice Cup Open"]
[Site "Saint Louis USA"]
[Date "2012.10.19"]
[Round "9"]
[White "Bregadze, Levan"]
[Black "Hendrickson, Nolan R"]
[Result "0-1"]
[WhiteTitle "IM"]
[WhiteElo "2366"]
[BlackElo "2146"]
[WhiteFideId "13603264"]
[BlackFideId "2038188"]
[EventDate "2012.10.16"]

1. e4 c5 2. Nf3 d6 3. d4 cxd4 4. Nxd4 Nf6 5. Nc3 g6 6. h3 Bg7 7. Be3 Nc6 8. g4
O-O 9. Bg2 Nxd4 10. Bxd4 Be6 11. Nd5 Bxd5 12. exd5 Qa5+ 13. c3 Qa6 14. Qe2 Qa5
15. b4 Qa4 16. O-O Rfe8 17. Rab1 b5 18. c4 bxc4 19. Rfc1 Nd7 20. Bxg7 Kxg7 21.
Rxc4 Ne5 22. Rcc1 Rac8 23. f4 Nd7 24. Rc6 a5 25. b5 Qxf4 26. b6 Ne5 27. b7 Rb8
28. Rc7 Qd4+ 29. Qf2 Qxf2+ 30. Kxf2 Red8 31. Rxe7 Kf6 32. Rc7 Rd7 33. Rxd7 Nxd7
34. Rb5 a4 35. Bf3 Ke5 36. a3 Nc5 37. Bd1 f5 38. gxf5 gxf5 39. Ke3 Rxb7 40. Rxb7
Nxb7 41. Bxa4 Na5 42. Bd7 Nc4+ 43. Kd3 Nxa3 44. Bc6 f4 45. h4 h6 46. h5 f3 47.
Ke3 f2 48. Kxf2 Nc4 49. Kf3 Nd2+ 50. Ke3 Ne4 51. Bb5 Nc3 52. Bc4 Ne4 53. Be2 Ng3
54. Bf3 Nf5+ 55. Kd3 Ng7 56. Ke3 Kf5 57. Kd4 Kf4 58. Be2 Nf5+ 59. Kd3 Ke5 60.
Bf3 Ne7 61. Kc4 Nf5 62. Kd3 Nh4 63. Be4 Kf4 64. Kd4 Kg5 65. Kc4 Kxh5 66. Kb5 Kg5
67. Kc6 Kf4 68. Bc2 Ke5 69. Bd1 Nf5 70. Bg4 Ne7+ 71. Kb5 Nxd5 72. Bc8 Nf4 73.
Kc4 h5 74. Kc3 h4 75. Kd2 h3 76. Bg4 Ke4 0-1

[Event "Spice Cup Open"]
[Site "Saint Louis USA"]
[Date "2012.10.19"]
[Round "9"]
[White "Kavutskiy, Konstantin"]
[Black "Ostrovskiy, Aleksandr A"]
[Result "0-1"]
[WhiteTitle "FM"]
[BlackTitle "FM"]
[WhiteElo "2287"]
[BlackElo "2377"]
[WhiteFideId "2026384"]
[BlackFideId "2034239"]
[EventDate "2012.10.16"]

1. d4 Nf6 2. c4 d6 3. Nf3 g6 4. Nc3 Bf5 5. Bg5 Bg7 6. e3 O-O 7. Bd3 Bxd3 8. Qxd3
Nbd7 9. e4 e5 10. d5 Nc5 11. Qc2 a5 12. b3 h6 13. Bxf6 Bxf6 14. h4 h5 15. O-O-O
c6 16. Rdg1 Kg7 17. g4 Rh8 18. gxh5 Rxh5 19. Rg4 Qd7 20. Rg3 Rah8 21. Rgh3 Qg4
22. Kb2 Bxh4 23. Nxh4 Rxh4 24. Rxh4 Rxh4 25. Rxh4 Qxh4 26. a3 cxd5 27. cxd5 Qxf2
28. Ne2 Qg2 29. Nc3 Qxc2+ 30. Kxc2 Kf6 31. b4 axb4 32. axb4 Nd7 33. Kd3 Ke7 34.
Ke3 f5 35. exf5 gxf5 36. Kd3 Nb6 0-1

[Event "Spice Cup Open"]
[Site "Saint Louis USA"]
[Date "2012.10.19"]
[Round "9"]
[White "Sharevich, Anna"]
[Black "Amanov, Zhanibek"]
[Result "1-0"]
[WhiteTitle "WGM"]
[BlackTitle "IM"]
[WhiteElo "2294"]
[BlackElo "2374"]
[WhiteFideId "13503189"]
[BlackFideId "13700189"]
[EventDate "2012.10.16"]

1. d4 Nf6 2. c4 e6 3. g3 c5 4. d5 exd5 5. cxd5 d6 6. Nc3 g6 7. Nf3 Bg7 8. Bg2
O-O 9. O-O Na6 10. h3 Nc7 11. a4 b6 12. e4 Bb7 13. Re1 a6 14. Bf1 Qd7 15. Qb3 b5
16. axb5 axb5 17. Rxa8 Bxa8 18. Bf4 b4 19. Na4 Ncxd5 20. exd5 Bxd5 21. Qd1 Bxf3
22. Qxf3 Qxa4 23. Bxd6 Re8 24. Rxe8+ Nxe8 25. Bxc5 Bxb2 26. Bc4 Qd7 27. Qe2 Nd6
28. Bxd6 Qxd6 29. Qxb2 h5 30. Qb3 Qe7 31. Qd3 Kg7 32. Qd4+ Kg8 33. Qd5 Kg7 34.
Kg2 Kg8 35. Bd3 Kf8 36. f4 Kg8 37. Qe4 Qd7 38. Bc4 Kf8 39. Qd5 Qc7 40. Bb3 h4 1-0

[Event "Spice Cup Open"]
[Site "Saint Louis USA"]
[Date "2012.10.19"]
[Round "9"]
[White "Kleiman, Jake"]
[Black "Aripov, Iskandar"]
[Result "1-0"]
[WhiteTitle "IM"]
[WhiteElo "2377"]
[BlackElo "2155"]
[WhiteFideId "2020041"]
[BlackFideId "14202395"]
[EventDate "2012.10.16"]

1. e4 c6 2. d3 e5 3. f4 d5 4. exd5 Qxd5 5. Qe2 Bd6 6. Nf3 Bg4 7. Nc3 Bxf3 8.
gxf3 Qe6 9. Ne4 Be7 10. Bd2 exf4 11. Bxf4 Nd7 12. h4 O-O-O 13. Bh3 Qd5 14. Nc3
Bb4 15. O-O-O Bxc3 16. bxc3 f5 17. Qe3 b6 18. Bh2 Nh6 19. Qf4 Kb7 20. Rhg1 Rhg8
21. Rde1 Qc5 22. Kb2 Ka6 23. Re6 Nf6 24. d4 Qb5+ 25. Ka1 Nd5 26. Qc1 Kb7 27. Qa3
Qc4 28. Bf1 Qxc3+ 29. Qxc3 Nxc3 30. Re7+ Ka8 31. Ba6 Rb8 32. Bxb8 Kxb8 1-0